Лексико-семантичне поле "Погода" в англійській мові (Запис № 284214)

МАРК-запис
000 -LEADER
fixed length control field 01275nam a22001577a 4500
041 ## - LANGUAGE CODE
Language code of text/sound track or separate title ukr
080 ## - UNIVERSAL DECIMAL CLASSIFICATION NUMBER
Universal Decimal Classification number 09
090 ## - LOCALLY ASSIGNED LC-TYPE CALL NUMBER (OCLC); LOCAL CALL NUMBER (OCLC)
Local cutter number (OCLC) ; Book number/undivided call number, CALL (RLIN) КИЧ
100 ## - MAIN ENTRY--PERSONAL NAME
Personal name Кичата О.О.
245 ## - TITLE STATEMENT
Title Лексико-семантичне поле "Погода" в англійській мові
260 ## - PUBLICATION, DISTRIBUTION, ETC. (IMPRINT)
Place of publication, distribution, etc Острог
Name of publisher, distributor, etc КАФ
Date of publication, distribution, etc 2010
300 ## - PHYSICAL DESCRIPTION
Extent 44
520 ## - SUMMARY, ETC.
Summary, etc ВСТУП<br/>РОЗДІЛ 1 ОСНОВИ ДОСЛІДЖЕННЯ ЛЕКСИКО-СЕМАНТИЧНИХ ПОЛІВ<br/>1.1 Лексико-семантичне поле у дослідженнях мовознавців.<br/>1.2 Концепт як ключовий термін у теорії лексико-семантичних полів.<br/>1.3 Характерні ознаки та будова ЛСП.<br/>РОЗДІЛ 2 ОПИС ЛЕКСИКО-СЕМАНТИЧНОГО ПОЛЯ ПОГОДИ<br/>2.1 Типи парадигматичних відношень в польових структурах.<br/>2.2 Характеристика ЛСП "weather"(погода)<br/>2.3 Структура мікро поля "precipitation"(опади)<br/>2.4 Характеристика мікро поля "thunderstorm" (гроза).<br/>ВИСНОВКИ
-- лексико-семантичне поле,погода
650 ## - SUBJECT ADDED ENTRY--TOPICAL TERM
Topical term or geographic name as entry element Research Papers
942 ## - ADDED ENTRY ELEMENTS (KOHA)
Koha item type Книги
Фонди
Withdrawn status Lost status Source of classification or shelving scheme Damaged status Not for loan Home library Current library Date acquired Source of acquisition Cost, normal purchase price Total Checkouts Full call number Barcode Date last seen Price effective from Koha item type
    Universal Decimal Classification     ВІЛ - Відділ іноземн. літератури НБ ВІЛ - Відділ іноземн. літератури НБ 16/04/2009 Акт №1 1.00   09 213874 20/12/2021 16/04/2009 Книги